Statistics for NBA 2K19: Top 109 Highest Rated Players

Click here to take the quiz!

General Stats

  • This quiz has been taken 289 times
  • The average score is 90 of 109

Answer Stats

#PlayerRatingTeam% Correct
11LeBron James98'12-'13 Heat
100%
4LeBron James99All-Time Cavaliers
100%
38LeBron James96'06-'07 Cavaliers
100%
19LeBron James97Lakers
100%
1Michael Jordan99All-Time Bulls
100%
2Michael Jordan99'95-'96 Bulls
100%
36Michael Jordan96'88-'89 Bulls
100%
8Michael Jordan98'90-'91 Bulls
100%
7Michael Jordan98'97-'98 Bulls
100%
3Michael Jordan99'92-'93 Bulls
100%
59Kobe Bryant95'00-'01 Lakers
99%
12Kobe Bryant98All-Time Lakers
99%
60Kobe Bryant95'03-'04 Lakers
99%
9Wilt Chamberlain98All-Time Warriors
99%
20Kareem Abdul-Jabbar97'70-'71 Bucks
98%
37Kareem Abdul-Jabbar96All-Time Lakers
98%
5Kareem Abdul-Jabbar99All-Time Bucks
98%
10Magic Johnson98'86-'87 Lakers
98%
6Magic Johnson99All-Time Lakers
98%
15Shaquille O'Neal98All-Time Lakers
97%
61Shaquille O'Neal95'03-'04 Lakers
97%
23Shaquille O'Neal97'00-'01 Lakers
97%
46Stephen Curry96Warriors
97%
45Stephen Curry96'15-'16 Warriors
97%
44Stephen Curry96All-Time Warriors
97%
82Jerry West94'70-'71 Lakers
96%
24Jerry West97All-Time Lakers
96%
42Kevin Durant96Warriors
96%
41Kevin Durant96'11-'12 Thunder
96%
40Kevin Durant96All-Time Warriors
96%
29Kevin Durant97All-Time Thunder
96%
22Larry Bird97'85-'86 Celtics
96%
13Larry Bird98All-Time Celtics
96%
17Tim Duncan98All-Time Spurs
96%
18Tim Duncan98'04-'05 Spurs
96%
14Bill Russell98All-Time Celtics
95%
39Bill Russell96'64-'65 Celtics
95%
16Hakeem Olajuwon98All-Time Rockets
95%
43Hakeem Olajuwon96'93-'94 Rockets
95%
102James Harden94All-Time Rockets
95%
57James Harden96Rockets
95%
28Dwayne Wade97All-Time Heat
93%
27Dirk Nowitzki97All-Time Mavericks
92%
86Dwayne Wade94'05-'06 Heat
92%
58Giannis Antetokounmpo96Bucks
92%
25Karl Malone97All-Time Jazz
92%
35Moses Malone97All-Time Rockets
92%
34Moses Malone97All-Time 76ers
92%
33Scottie Pippen97All-Time Bulls
92%
31John Stockton97All-Time Jazz
90%
32Kevin Garnett97All-Time Timberwolves
90%
54Kevin Garnett96'03-'04 Timberwolves
90%
81Oscar Robertson94'70-'71 Bucks
90%
21Oscar Robertson97All-Time Kings
90%
80Oscar Robertson94All-Time Bucks
90%
92Allen Iverson94'00-'01 76ers
89%
30Allen Iverson97All-Time 76ers
89%
107Russell Westbrook94All-Time Thunder
89%
49David Robinson96All-Time Spurs
87%
48Isiah Thomas96All-Time Pistons
87%
26Julius Erving97All-Time Nets
87%
84Julius Erving94'76-'77 76ers
87%
83Julius Erving94All-Time 76ers
87%
52Steve Nash96All-Time Suns
87%
93Steve Nash94'04-'05 Suns
87%
104Tony Parker94All-Time Spurs
86%
76Anthony Davis95Pelicans
85%
56Chris Paul96All-Time Pelicans
85%
99Chris Paul94'07-'08 Hornets
85%
103Kawhi Leonard94All-Time Spurs
85%
77Kawhi Leonard95Raptors
85%
55Clyde Drexler96All-Time Trail Blazers
81%
53Jason Kidd96All-Time Nets
81%
87Gary Payton94All-Time Thunder
78%
88Gary Payton94'95-'96 SuperSonics
78%
68Patrick Ewing95All-Time Knicks
78%
72Vince Carter95All-Time Raptors
78%
97Carmelo Anthony94All-Time Nuggets
77%
89Paul Pierce94All-Time Celtics
77%
74Ray Allen95All-Time Thunder
75%
73Tracy McGrady95All-Time Magic
75%
47John Havlicek96All-Time Celtics
73%
64Bob Cousy95All-Time Celtics
71%
108Derrick Rose94All-Time Bulls
71%
79David Thompson95All-Time Nuggets
69%
91Dominique Wilkins94All-Time Hawks
69%
109Paul George94Thunder
69%
50Elgin Baylor96All-Time Lakers
68%
69Alonzo Mourning95All-Time Heat
67%
63Bob Pettit95All-Time Hawks
67%
51George Gervin96All-Time Spurs
66%
71Kevin McHale95All-Time Celtics
66%
78James Worthy95All-Time Lakers
64%
70Bill Walton95All-Time Trail Blazers
63%
66Rick Barry95All-Time Warriors
60%
67Walt Frazier95All-Time Knicks
58%
94Wes Unseld94All-Time Wizards
54%
62Pete Maravich95All-Time Jazz
53%
90Bob McAdoo94All-Time Clippers
52%
101Chris Mullin94All-Time Warriors
52%
75Elvin Hayes95All-Time Wizards
52%
98Artis Gilmore94All-Time Bulls
49%
95Willis Reed94All-Time Knicks
49%
65George Mikan95All-Time Lakers
48%
96Sidney Moncrief94All-Time Bucks
39%
100Dave Cowens94All-Time Celtics
38%
105Nate Archibald94All-Time Kings
30%
106Mitch Richmond94All-Time Kings
28%
85Jerry Lucas94All-Time Kings
26%

Score Distribution

Percentile by Number Answered

Percent of People with Each Score

Your Score History

You have not taken this quiz